| 000 | 00733nam a2200229Ia 4500 | ||
|---|---|---|---|
| 008 | 260312s9999 xx 000 0 und d | ||
| 020 | _aD.L. 74418 | ||
| 082 | _a344.022 N790 1990 HNA | ||
| 100 |
_aAsociación Chilena de Seguridad _935107 |
||
| 245 | 0 | _aNormas legales sobre accidentes del trabajo y enfermedades profesionales. | |
| 250 | _a2a. edición | ||
| 260 | _aAlfredo Grasset M., editor Juan Alberto Alcalde H., editor | ||
| 260 | _bs.l. | ||
| 260 | _c1990 | ||
| 300 | _a203p. | ||
| 500 | _aColección Humberto Nogueira Alcalá | ||
| 650 |
_aAccidentes del trabajo _911499 |
||
| 650 |
_aAspectos jurídicos _9365 |
||
| 650 |
_aChile _9121 |
||
| 650 |
_aEnfermedades ocupacionales _935108 |
||
| 942 |
_2ddc _cLIBRO |
||
| 999 |
_c19940 _d19940 |
||